000 00249nam a22001097a 4500
999 _c533598
_d533598
040 _cdlc
082 _a306.095491
100 _aM.A.Qadeer
_927554
245 _aPakistan : A Social and Cultural Transformation
300 _a321p
942 _2ddc
_cBK